Statistics for Perpetrators of american school shootings

Click here to take the quiz!

General Stats

  • This quiz has been taken 9 times
  • The average score is 8 of 15

Answer Stats

HintAnswer% Correct
Sandy Hook Elementary school shootingAdam Lanza
100%
Robb Elementary school shootingSalvador Ramos
100%
Parkland high school shootingNikolas Cruz
83%
Nashville school shootingAiden Hale
67%
University of Texas tower shootingCharles Whitman
67%
Oxford High School shootingEthan Crumbley
67%
Virginia Tech shootingSeung-Hui Cho
67%
Northern Illinois University shootingSteven Kazmierczak
67%
Umpqua Community College shootingChristopher Harper-Mercer
33%
Santa Fe High School shootingDimitrios Pagourtzis
33%
Red Lake shootingsJeffrey Weise
33%
Thurston High School shootingKipland Kinkel
33%
Santa Monica shootingsJohn Zawahri
17%
Oikos University shootingOne L. Goh
17%
Stockton schoolyard shootingPatrick Purdy
17%

Score Distribution

Percentile by Number Answered

Percent of People with Each Score

Your Score History

You have not taken this quiz